| 000 | | | 04103nmc2a22002653x 450 |
| 001 | | | 52dba052-d5b8-4c62-a614-42a3ad94ed0d |
| 005 | | | 20211108193300.0 |
| 100 | ## | $a | 20210810l19011911k l0rusy0189 ca |
| 101 | 0# | $a | rus |
| 102 | ## | $a | RU |
| 105 | ## | $a | ae## |
| 122 | 2# | $a | d |
| 200 | 1# | $a | Дело о контрактах с русским обществом Шуккерт и К° на электрическое освещение и отопление всех театров и зданий Конторы и Театрального училища, а также и новых флигелей училища и о паровых котлах |
| | $j | 27 марта 1901 г. - 30 ноября 1911 г. |
| 215 | ## | $a | 313 л. |
| | $c | рис.; план. |
| | $d | 36,5х26 см |
| 251 | ## | $c | Дело |
| 300 | ## | $a | По Московской конторе Дирекции императорских театров |
| 300 | ## | $a | Текущее |
| 300 | ## | $a | На обложке указано: №19-1901 года |
| 371 | ## | $a | Документ не является опубликованным и широко распространяемым |
| 461 | #0 | $1 | 0019264ebf8-de62-4f1a-9eb4-9f22098dbbd5 |
| | $1 | 2001 |
| | $a | Дирекция императорских театров МИДв |
| | $1 | 251 |
| | $c | Фонд |
| | $1 | 852 |
| | $j | 497 |
| 462 | #0 | $1 | 001ff15f5e8-b5fa-4fe1-bbcd-275cd0305ec2 |
| | $1 | 2001 |
| | $a | Дела Санкт-Петербургской конторы Дирекции императорских театров и дела Московской конторы Дирекции императорских театров |
| | $1 | 251 |
| | $c | Опись |
| | $1 | 852 |
| | $j | 10 |
| 801 | #0 | $a | RU |
| | $b | РГИА |
| | $c | 20210810 |
| | $g | RCR |
| 801 | #1 | $a | RU |
| | $b | ГлавНИВЦ |
| | $c | 20210810 |
| | $2 | rusmarc |
| 801 | #2 | $a | RU |
| | $b | ПБ им. Б.Н. Ельцина |
| | $c | 20211108 |
| | $g | RCR |
| | $2 | rusmarc |
| 850 | ## | $a | РГИА |
| 852 | ## | $a | РГИА |
| | $e | Федеральное казенное учреждение "Российский государственный исторический архив" (РГИА) |
| | $j | 1497 |
| 937 | ## | $h | РГИА |
| | $d | 12361547 |
| | $a | ASBIBLIO_SCAN |
| 035 | ## | $a | RusGRCC00031072 |
| 856 | ## | $u | http://readingroom.main.prlib.ru/item.aspx?id_node=n170196217&mode=full |